Diccionario práctico ortografía
Saved in:
| Format: | Bog |
|---|---|
| Sprog: | spansk |
| Udgivet: |
Ciudad de México
Larousse
1995
|
| Fag: | |
| Tags: |
Tilføj Tag
Ingen Tags, Vær først til at tagge denne postø!
|
MARC
| LEADER | 00000nam a2200000 a 4500 | ||
|---|---|---|---|
| 001 | UCZ1292 | ||
| 003 | CL-VaPUC | ||
| 008 | 950817e19950000MX |||||||||||||||||spa|d | ||
| 082 | 0 | 4 | |a 463 |b DIC |2 21 |
| 245 | 1 | 0 | |a Diccionario práctico ortografía |
| 300 | |a 237 p | ||
| 942 | |c BK | ||
| 945 | |d 19950817 00:00:00 |a rbrito | ||
| 260 | |a Ciudad de México |b Larousse |c 1995 | ||
| 650 | 0 | |a Español |9 255372 | |
| 650 | 0 | |a Ortografía |9 309144 | |
| 650 | 0 | |a Diccionarios |9 256200 | |
| 583 | |a last modification |c 19950817 00:00:00 |k Rodrigo Vera | ||
| 999 | |c 238059 |d 238057 | ||
| 952 | |0 0 |1 0 |4 0 |6 463_000000000000000_DIC_1995 |7 0 |8 X |9 248045 |a BIBEDU |b BIBEDU |d 2019-11-18 |i 3121259 |o 463 DIC 1995 |p 3121259 |r 2023-01-13 |w 2019-11-18 |y BK_X |k EPE | ||